| 000 | 01095cab a22002055a 4500 | ||
|---|---|---|---|
| 001 | L148787 | ||
| 008 | 091110e20091003xxk g 000 0 eng d | ||
| 035 | _a(Sirsi) u148787 | ||
| 041 | 0 | _aeng | |
| 100 | 1 | _aJack, Simon | |
| 245 | 0 | 0 | _aFocus M25 South-west |
| 260 | _c2009 | ||
| 490 |
_aEstates Gazette _v3 October 2009, (0939), 95-101(7) |
||
| 520 | _aM25 south-west quadrant office statistics 2009 sourced by Knight Frank highlight rents in £ per sq ft, vacancy rates, development(sq ft) prime yield (%) for Slough. Staines, Heathrow, Richmond, Kingston, Chertsey, Woking and Guildford. Industrial market along the M25 south west sector is showing signs of recovery around Heathrow. Compares retail rents between Slough, Richmond, Staines, Kingstone-upon-Thames, Woking and Guildford. Concludes with an overview of retail market in Kingston-upon-Thames focusing on the planned Eden Quarter retail development and Guildford. | ||
| 590 | _aKA | ||
| 651 | 4 |
_aEngland _y886- |
|
| 690 | _aPROPERTY-COMMERCIAL PROPERTY-COMMERCIAL PROPERTY MARKET | ||
| 700 | 1 | _aCavanagh, Elaine | |
| 942 | _n0 | ||
| 999 |
_c81961 _d81961 |
||